000 00651nam a22002057a 4500
003 OSt
005 20250521095248.0
008 250521b |||||||| |||| 00| 0 eng d
020 _a9788120323568
040 _aSEKU
050 _aHD 31
_b.G74 2003
100 _aGreenberg, Jerald.
245 _aBehavior in organizations :
_bunderstanding and managing the human side of work /
_cJerald Greenberg ; Robert A. Baron.
250 _a8th ed.
260 _aNew Delhi :
_bPrentice-Hall,
_c2003.
300 _a691 p. :
_bill.
650 _2Organizational behavior
700 _aBaron, Robert A.
942 _2lcc
_cGEN
_hHD 31
_i.G74 2003
999 _c18556
_d18556